Wiedza o krowach - Statystyki

Ogólne statystyki
  • Ten quiz został rozwiązany 33 razy
  • Średni wynik to 8 z 20
Statystyki odpowiedzi
Pytanie Odpowiedź % Poprawnych
Jak nazywa się młoda krowa? Cielę
100%
Jaki dźwięk wydaje krowa? Moo
96%
W jakiej religii czci się krowy? {Hindu}izm
78%
Jaki znak zodiaku jest reprezentowany przez byka? Byk
67%
Czego krowa ma cztery, a człowiek tylko jedno? Komory {żołądka}
63%
Które kudłate zwierzę z Himalajów, którego nazwa zaczyna się na literę J, jest krewnym bydła? Jak
59%
W którym stanie USA jest najwięcej krów? Teksas
59%
Która część ciała krowy produkuje mleko? Wymię
56%
Z jakimi zwierzętami pochodzącymi z Ameryki Północnej krowy mogą się krzyżować? Bizon amerykański
44%
W którym państwie jest najwięcej krów? Brazylia
37%
Co krowa zwraca, aby móc ponownie przeżuć? Pokarm
37%
Jaki gaz wytwarzany przez krowy przyczynia się do globalnego ocieplenia? Metan
30%
Plemię Masajów tradycyjnie uważa się za prawowitych właścicieli całego bydła na świecie. W jakim państwie można znaleźć członka plemienia Masajów? Kenia lub Tanzania
19%
Z jakiego przerażającego wymarłego zwierzęcia udomowiono bydło? Tur
19%
Uzupełnij analogię: Pies ma się do psów tak, jak ______ do krów Bawoły
15%
Jaka choroba, znana również jako gąbczasta encefalopatia bydła, dotknęła tysiące brytyjskich krów w latach 90.? Choroba szalonych krów
15%
Które „garbate” bydło z Azji Południowej ma nazwę zaczynającą się na Z? Zebu
11%
Jaki okrutny sport z udziałem bydła został zakazany w Katalonii? Walka byków
7%
W którym mieście w 1871 roku za wielki pożar obwiniano krowę należącą do Irlandki? Chicago
0%
Jak nazywa się kawałek drewna łączący parę wołów? Jarzmo
0%
Nie znaleziono quizów pasujących do podanych kryteriów
Rozkład punktacji
Procent ludzi z każdym wynikiem
Percentyl według liczby udzielonych odpowiedzi
Twoja historia wyników
Nie rozwiązałeś tego quizu